000 00265nam a2200121Ia 4500
008 190216s9999||||xx |||||||||||||| ||und||
100 _aDaniel Defoe
245 0 _aRoninson Kurooso
260 _bDc Books Kottayam
300 _a107
650 _aNovel
942 _cBK
999 _c29266
_d29266